| 000 | 004530000a22001810004500 | ||
|---|---|---|---|
| 003 | MACL | ||
| 005 | 20151027111600.0 | ||
| 008 | 151027b xxu||||| |||| 00| 0 eng d | ||
| 040 |
_aMACL _cMACL |
||
| 041 | _aEnglish | ||
| 082 | _a954/SIN | ||
| 100 |
_aShosh, Premola _916841 |
||
| 245 |
_aInvisible city _bThe Hidden Monuments of Delhi |
||
| 260 |
_bNiyogi Books _c2008 _aNew Delhi |
||
| 350 | _a595 | ||
| 650 |
_aHistory _916842 |
||
| 942 |
_cBK _k954 _2ddc |
||
| 999 |
_c8817 _d8817 |
||